Southville International School and Colleges
Your cart is empty.
  • Cart
  • Lists
    Public lists Eva Luna New books Lux_list list_1
    Your lists Log in to create your own lists
  • Log in to your account
  • Your cookies
  • Search history
Southville International School and Colleges
  • Advanced search
  • Recent comments
  • Most popular
  • Libraries

Log in to your account

Log in with GOOGLE


If you do not have an external account, but do have a local account, you can still log in:

  1. Home
  2. MARC view: The Tao of physics :
Normal view MARC view ISBD view

The Tao of physics : (Record no. 283773)

[ view plain ]
MARC details
000 -LEADER
fixed length control field 00904cam a2200277 i 4500
001 - CONTROL NUMBER
control field 326718
003 - CONTROL NUMBER IDENTIFIER
control field PILC
005 - DATE AND TIME OF LATEST TRANSACTION
control field 20150318094755.0
008 - FIXED-LENGTH DATA ELEMENTS--GENERAL INFORMATION
fixed length control field 760219s1975 caua b 001 0 eng
010 ## - LIBRARY OF CONGRESS CONTROL NUMBER
LC control number 75010318
020 ## - INTERNATIONAL STANDARD BOOK NUMBER
International Standard Book Number 0877730776 :
Terms of availability $12.50
020 ## - INTERNATIONAL STANDARD BOOK NUMBER
International Standard Book Number 0877730784 (pbk.)
040 ## - CATALOGING SOURCE
Original cataloging agency DLC
Transcribing agency DLC
Modifying agency DLC
050 00 - LIBRARY OF CONGRESS CALL NUMBER
Classification number QC 6
Item number .C277 1975
082 00 - DEWEY DECIMAL CLASSIFICATION NUMBER
Classification number 530/.01
100 1# - MAIN ENTRY--PERSONAL NAME
Personal name Capra, Fritjof.
245 14 - TITLE STATEMENT
Title The Tao of physics :
Remainder of title an exploration of the parallels between modern physics and eastern mysticism /
Statement of responsibility, etc Fritjof Capra.
260 ## - PUBLICATION, DISTRIBUTION, ETC. (IMPRINT)
Place of publication, distribution, etc Berkeley :
Name of publisher, distributor, etc Shambhala ;
Place of publication, distribution, etc [New York] :
Name of publisher, distributor, etc distributed in the U.S. by Random House,
Date of publication, distribution, etc 1975.
300 ## - PHYSICAL DESCRIPTION
Extent 330 pages :
Other physical details illustrations ;
Dimensions 24 cm.
500 ## - GENERAL NOTE
General note Includes index.
504 ## - BIBLIOGRAPHY, ETC. NOTE
Bibliography, etc Bibliography: p. [315]-318.
650 #0 - SUBJECT ADDED ENTRY--TOPICAL TERM
Topical term or geographic name as entry element Physics
General subdivision Philosophy.
650 #0 - SUBJECT ADDED ENTRY--TOPICAL TERM
Topical term or geographic name as entry element Mysticism.
906 ## - LOCAL DATA ELEMENT F, LDF (RLIN)
a 7
b cbc
c orignew
d 2
e ocip
f 19
g y-gencatlg
942 ## - ADDED ENTRY ELEMENTS (KOHA)
Source of classification or shelving scheme Library of Congress Classification
Koha item type Books
Holdings
Withdrawn status Lost status Source of classification or shelving scheme Damaged status Home library Current library Shelving location Date acquired Source of acquisition Sub Shelving location Total Checkouts Total Renewals Full call number Barcode Date last seen Date checked out Price effective from Koha item type
    Library of Congress Classification   Southville International School Affiliated with Foreign Universities Library Southville International School Affiliated with Foreign Universities Library Southville Foreign University Section 03/18/2015 Library Fund   3 3 QC 6 .C277 1975 SFU1820 11/14/2022 11/07/2022 03/18/2015 Books

The Tao of physics :

APA

Capra F., . (1975). The Tao of physics. Berkeley: Shambhala.

Chicago

Capra Fritjof, . 1975. The Tao of physics. Berkeley: Shambhala.

Harvard

Capra F., . (1975). The Tao of physics. Berkeley: Shambhala.

MLA

Capra Fritjof, . The Tao of physics. Berkeley: Shambhala. 1975.

  • Place hold
  • Print
  • Cite
  • Add to your cart (remove)
  • Save record
    BIBTEX Dublin Core MARCXML MARC (non-Unicode/MARC-8) MARC (Unicode/UTF-8) MARC (Unicode/UTF-8, Standard) MODS (XML) RIS
  • More searches
    Search for this title in:
    Other Libraries (WorldCat) Other Databases (Google Scholar) Online Stores (Bookfinder.com) Open Library (openlibrary.org)

Exporting to Dublin Core...

SOUTHVILLE LIBRARY

Southville International School and Colleges Library

1281 Tropical Ave. Cor. Luxembourg St., BF Homes International, Las Pinas City

Tel. No. 8256374 / 252358 Loc. 117/146

Powered by Koha